| 000 | 00367nam a22001577a 4500 | ||
|---|---|---|---|
| 003 | SGT | ||
| 020 | _a8125601309 | ||
| 082 |
_a615.19 _bL24K |
||
| 100 | _aKAVITA ATTRI | ||
| 245 | _aLABORATORY MANUAL PHARMACEUTICS | ||
| 260 |
_aDELHI _bTARA PUB. _c2024 |
||
| 300 | _a87 | ||
| 650 | _aPHARMACEUTICS | ||
| 653 | _aLABORATORY MANUAL , PHARMACEUTICS, | ||
| 942 |
_2ddc _cBK |
||
| 999 |
_c29202 _d29202 |
||